[Event "Landesliga Nord 1819"]
[Site "Bayern"]
[Date "2019.03.24"]
[Round "8.1"]
[White "Jansa, Vlastimil"]
[Black "Yalcin, Alparslan"]
[Result "1-0"]
[WhiteElo "2458"]
[BlackElo "2144"]
[PlyCount "65"]
[EventDate "2018.10.21"]
[EventType "team-tourn"]
[EventRounds "9"]
[EventCountry "GER"]
[SourceTitle "EXT 2022"]
[Source "ChessBase"]
[SourceDate "2021.10.06"]
[SourceVersion "1"]
[SourceVersionDate "2021.10.06"]
[SourceQuality "1"]
[WhiteTeam "Forchheim SC"]
[BlackTeam "Kitzingen SC"]
[WhiteTeamCountry "GER"]
[BlackTeamCountry "GER"]

1. e4 e5 2. Nf3 Nc6 3. Bb5 a6 4. Ba4 Nf6 5. 0-0 Be7 6. Re1 b5 7. Bb3 0-0 8. h3 Bb7 9. d3 d5 10. exd5 Nxd5 11. Nxe5 Nd4 12. Nc3 Nb4 13. Bd2 a5 14. a3 Nxb3 15. cxb3 Nc6 16. Bf4 Nd4 17. Rc1 b4 18. axb4 axb4 19. Ne4 f5 20. Nc5 Bxc5 21. Rxc5 Ne6 22. Rc4 Qd5 23. f3 Nxf4 24. Rxf4 Rae8 25. Qe2 g5 26. Rc4 Ba6 27. Rxc7 Re6 28. Qe3 h6 29. Qa7 Rf7 30. Rxf7 Rxe5 31. Rg7+ Kf8 32. Rxe5 Qxe5 33. Qf7# 1-0

[Event "Landesliga Nord 1819"]
[Site "Bayern"]
[Date "2018.12.16"]
[Round "4.1"]
[White "Kraft, Volker"]
[Black "Yalcin, Alparslan"]
[Result "1-0"]
[WhiteElo "2339"]
[BlackElo "2144"]
[PlyCount "131"]
[EventDate "2018.10.21"]
[EventType "team-tourn"]
[EventRounds "9"]
[EventCountry "GER"]
[SourceTitle "EXT 2022"]
[Source "ChessBase"]
[SourceDate "2021.10.06"]
[SourceVersion "1"]
[SourceVersionDate "2021.10.06"]
[SourceQuality "1"]
[WhiteTeam "Nuernberg Sued SW"]
[BlackTeam "Kitzingen SC"]
[WhiteTeamCountry "GER"]
[BlackTeamCountry "GER"]

1. Nf3 Nf6 2. b3 d5 3. Bb2 c5 4. e3 e6 5. g3 Nc6 6. Bg2 Bd6 7. 0-0 e5 8. d4 e4 9. Ne5 Qe7 10. Nxc6 bxc6 11. c4 Bg4 12. Qc2 Rc8 13. dxc5 Bxc5 14. Nc3 Ba3 15. Bxa3 Qxa3 16. Ne2 Bxe2 17. Qxe2 0-0 18. Rfc1 a5 19. Bh3 Ra8 20. cxd5 cxd5 21. Rc6 a4 22. Rb1 axb3 23. axb3 Qb4 24. Qe1 Qxe1+ 25. Rxe1 Rab8 26. Rb1 Rb4 27. Kf1 Rfb8 28. Ke2 Kf8 29. Rc8+ Rxc8 30. Bxc8 d4 31. exd4 Nd5 32. Rb2 Rxd4 33. Ba6 Ke7 34. Rd2 Nc3+ 35. Ke3 Rb4 36. Bc4 Rb7 37. Rc2 Nb5 38. Kxe4 Kd6 39. Rd2+ Kc7 40. Kd3 Nd6 41. Re2 Kc6 42. Kd4 Nf5+ 43. Ke5 Ne7 44. Rc2 Ng6+ 45. Kf5 Kd6 46. Rd2+ Kc5 47. f4 Rc7 48. Ke4 f6 49. Kf5 Re7 50. Re2 Rb7 51. Re8 Kd6 52. Ke4 Ne7 53. Rf8 f5+ 54. Kd4 Ra7 55. b4 Ra1 56. Rd8+ Kc7 57. Rh8 Rd1+ 58. Kc5 Rd6 59. Rxh7 Rc6+ 60. Kd4 Rg6 61. Ke5 Kb6 62. Bd3 Nc6+ 63. Kxf5 Rf6+ 64. Kg5 Nxb4 65. Rxg7 Re6 66. Rg6 1-0

[Event "Regionalliga NW 1314"]
[Site "Bayern"]
[Date "2013.12.15"]
[Round "4.1"]
[White "Yalcin, Alparslan"]
[Black "Schindler, Viktor"]
[Result "0-1"]
[WhiteElo "2038"]
[BlackElo "2085"]
[PlyCount "110"]
[EventDate "2013.10.13"]
[EventType "team-tourn"]
[EventRounds "9"]
[EventCountry "GER"]
[SourceTitle "EXT 2015"]
[Source "ChessBase"]
[SourceDate "2014.11.20"]
[SourceVersion "1"]
[SourceVersionDate "2014.11.20"]
[SourceQuality "1"]
[WhiteTeam "Kitzingen"]
[BlackTeam "Hof"]
[WhiteTeamCountry "GER"]
[BlackTeamCountry "GER"]

1. e4 c5 2. Nf3 Nc6 3. d4 cxd4 4. Nxd4 Nf6 5. Nc3 d6 6. Bg5 e6 7. Qd2 a6 8. 0-0-0 Bd7 9. f4 b5 10. Bxf6 gxf6 11. f5 Qb6 12. Be2 Nxd4 13. Qxd4 Qxd4 14. Rxd4 Bh6+ 15. Kb1 Bf4 16. Bg4 Be5 17. Rd3 Rc8 18. Ne2 Rc4 19. Re3 Ke7 20. b3 Rc7 21. g3 h5 22. Bh3 h4 23. Nf4 Rg8 24. Rf1 hxg3 25. hxg3 Rc3 26. Rxc3 Bxc3 27. g4 Be5 28. Nd3 Bc6 29. Nxe5 dxe5 30. Re1 exf5 31. gxf5 Rg3 32. Bf1 Rg1 33. Kb2 Bxe4 34. Rxe4 Rxf1 35. a4 Kd6 36. axb5 axb5 37. Rb4 Kc5 38. Rh4 Rxf5 39. Rh7 e4 40. Rxf7 Rf2 41. Re7 Kd4 42. Rd7+ Kc5 43. Re7 Kd5 44. Rd7+ Ke6 45. Rb7 Rf5 46. Kc3 Re5 47. Kd2 e3+ 48. Ke2 f5 49. Rh7 f4 50. Rh2 Kd6 51. Kf3 b4 52. Rh1 e2 53. Re1 Kd5 54. Kxf4 Kd4 55. Kf3 Kc3 0-1

[Event "Regionalliga NW 1314"]
[Site "Bayern"]
[Date "2013.10.13"]
[Round "1.1"]
[White "Lang, Stefan1111"]
[Black "Yalcin, Alparslan"]
[Result "1-0"]
[WhiteElo "2130"]
[BlackElo "2038"]
[PlyCount "85"]
[EventDate "2013.10.13"]
[EventType "team-tourn"]
[EventRounds "9"]
[EventCountry "GER"]
[SourceTitle "EXT 2015"]
[Source "ChessBase"]
[SourceDate "2014.11.20"]
[SourceVersion "1"]
[SourceVersionDate "2014.11.20"]
[SourceQuality "1"]
[WhiteTeam "Bad Neustadt"]
[BlackTeam "Kitzingen"]
[WhiteTeamCountry "GER"]
[BlackTeamCountry "GER"]

1. d4 Nf6 2. c4 c5 3. d5 e6 4. Nc3 exd5 5. cxd5 d6 6. Nf3 g6 7. Nd2 Bg7 8. Nc4 a6 9. a4 Bf5 10. Bf4 Bf8 11. h3 Be7 12. g4 Bc8 13. e4 0-0 14. Bg2 Qc7 15. e5 Ne8 16. Ne4 dxe5 17. Bxe5 Qd8 18. d6 Bh4 19. Nxc5 Nd7 20. Nxd7 Bxd7 21. Bxb7 Be6 22. Bd5 Rc8 23. b3 Rc5 24. Bxe6 Rxe5+ 25. Nxe5 Qa5+ 26. Kf1 Qxe5 27. Bd5 Qb2 28. Rh2 Nf6 29. Bf3 Rd8 30. Kg1 Qe5 31. Qe1 Qf4 32. Qe3 Qb4 33. Rd1 Re8 34. Qd3 Rd8 35. Kg2 Ne8 36. d7 Nf6 37. Qe3 Qa5 38. Rhh1 Bg5 39. Qe1 Qc7 40. h4 Bf4 41. Qe7 Nxd7 42. Rd3 Bh6 43. Rhd1 1-0

[Event "Schweinfurt op 23rd"]
[Site "Schweinfurt"]
[Date "2013.06.02"]
[Round "7"]
[White "Yalcin, Alparslan"]
[Black "Posske, Thore"]
[Result "0-1"]
[WhiteElo "2027"]
[BlackElo "1900"]
[PlyCount "46"]
[EventDate "2013.05.30"]
[EventType "swiss"]
[EventRounds "7"]
[EventCountry "GER"]
[SourceTitle "CBM 154 Extra"]
[Source "ChessBase"]
[SourceDate "2013.06.25"]
[SourceVersion "2"]
[SourceVersionDate "2013.06.25"]
[SourceQuality "1"]

1. e4 c6 2. d4 d5 3. e5 Bf5 4. Nf3 e6 5. Be2 Nd7 6. 0-0 Qc7 7. c3 f6 8. exf6 gxf6 9. Nh4 Bg6 10. Bg4 e5 11. dxe5 fxe5 12. c4 dxc4 13. Nxg6 hxg6 14. Qc2 0-0-0 15. Qxg6 Be7 16. Bg5 Bxg5 17. Qxg5 Nh6 18. Bh3 Rdg8 19. Qe3 e4 20. Qxa7 Ng4 21. Qa8+ Nb8 22. Bxg4+ Rxg4 23. g3 Qh7 0-1

[Event "Schweinfurt op 23rd"]
[Site "Schweinfurt"]
[Date "2013.05.30"]
[Round "1"]
[White "Yalcin, Alparslan"]
[Black "Hartmann, Christian"]
[Result "1-0"]
[WhiteElo "2027"]
[BlackElo "1554"]
[PlyCount "73"]
[EventDate "2013.05.30"]
[EventType "swiss"]
[EventRounds "7"]
[EventCountry "GER"]
[SourceTitle "CBM 154 Extra"]
[Source "ChessBase"]
[SourceDate "2013.06.25"]
[SourceVersion "2"]
[SourceVersionDate "2013.06.25"]
[SourceQuality "1"]

1. e4 e5 2. Nf3 Nc6 3. d4 exd4 4. Nxd4 Nf6 5. Nxc6 bxc6 6. e5 Qe7 7. Qe2 Nd5 8. c4 Ba6 9. b3 g6 10. g3 Bg7 11. Bb2 0-0 12. Bg2 Nb6 13. 0-0 Rae8 14. Re1 f6 15. e6 Qxe6 16. Qxe6+ Rxe6 17. Rxe6 dxe6 18. Bxc6 Rd8 19. Nc3 f5 20. Rd1 Rxd1+ 21. Nxd1 Bxb2 22. Nxb2 Bc8 23. Nd3 Kf8 24. f4 Ke7 25. Kf2 Bd7 26. Bf3 Be8 27. Ke3 Kf6 28. Kd4 Nc8 29. Nc5 Ke7 30. Na6 Kd7 31. Ke5 Nd6 32. c5 Nf7+ 33. Kf6 Nd8 34. Nb4 h5 35. Nd3 Nc6 36. Bxc6+ Kxc6 37. Ke7 1-0

[Event "Landesliga Nord 1213"]
[Site "Bayern"]
[Date "2012.10.14"]
[Round "1.3"]
[White "Yalcin, Alparslan"]
[Black "Rupp, Markus"]
[Result "1-0"]
[WhiteElo "2029"]
[BlackElo "2205"]
[PlyCount "51"]
[EventDate "2012.10.14"]
[EventType "team-tourn"]
[EventRounds "9"]
[EventCountry "GER"]
[SourceTitle "EXT 2015"]
[Source "ChessBase"]
[SourceDate "2014.11.20"]
[SourceVersion "1"]
[SourceVersionDate "2014.11.20"]
[SourceQuality "1"]
[WhiteTeam "Kitzingen"]
[BlackTeam "Wuerzburg"]
[WhiteTeamCountry "GER"]
[BlackTeamCountry "GER"]

1. e4 e6 2. d4 d5 3. Nc3 Nf6 4. e5 Nfd7 5. f4 c5 6. Nf3 Nc6 7. Be3 Be7 8. Qd2 b6 9. 0-0-0 Bb7 10. g4 f6 11. f5 fxe5 12. fxe6 0-0 13. exd7 Rxf3 14. Nxd5 cxd4 15. Nxe7+ Nxe7 16. Bc4+ Kh8 17. Bxd4 exd4 18. Qxd4 Nc6 19. Qe4 Qg5+ 20. Kb1 Rf4 21. d8Q+ Rxd8 22. Rxd8+ Qxd8 23. Qxf4 h6 24. Rf1 Nb4 25. a3 Nd5 26. Qf8+ 1-0

[Event "Unterfranken-ch M1 62th"]
[Site "Gerolzhofen"]
[Date "2011.04.30"]
[Round "9"]
[White "Lukas, Norbert"]
[Black "Yalcin, Alparslan"]
[Result "1/2-1/2"]
[WhiteElo "2009"]
[BlackElo "1929"]
[PlyCount "59"]
[EventDate "2011.04.25"]
[EventType "swiss"]
[EventRounds "9"]
[EventCountry "GER"]
[SourceTitle "EXT 2015"]
[Source "ChessBase"]
[SourceDate "2014.11.20"]
[SourceVersion "1"]
[SourceVersionDate "2014.11.20"]
[SourceQuality "1"]

1. e4 e5 2. Nf3 Nc6 3. Nc3 Nf6 4. d4 exd4 5. Nxd4 Bb4 6. Nxc6 bxc6 7. Bd3 d5 8. exd5 cxd5 9. 0-0 0-0 10. Bg5 c6 11. Qf3 Bd6 12. Rfe1 Rb8 13. Rab1 h6 14. Bh4 Rb4 15. Bxf6 Qxf6 16. Qxf6 gxf6 17. b3 Be6 18. Ne2 c5 19. c3 Rb6 20. Rbd1 a5 21. Bc2 Rd8 22. f4 a4 23. f5 Bc8 24. bxa4 Rb2 25. Bb1 Be5 26. Be4 d4 27. cxd4 cxd4 28. Nc1 Rb4 29. Bc2 Rb2 30. Be4 1/2-1/2

[Event "Unterfranken-ch M1 62th"]
[Site "Gerolzhofen"]
[Date "2011.04.29"]
[Round "7"]
[White "Yalcin, Alparslan"]
[Black "Lang, Stefan1111"]
[Result "0-1"]
[WhiteElo "1929"]
[BlackElo "2035"]
[PlyCount "144"]
[EventDate "2011.04.25"]
[EventType "swiss"]
[EventRounds "9"]
[EventCountry "GER"]
[SourceTitle "EXT 2015"]
[Source "ChessBase"]
[SourceDate "2014.11.20"]
[SourceVersion "1"]
[SourceVersionDate "2014.11.20"]
[SourceQuality "1"]

1. e4 c5 2. Nf3 Nc6 3. d4 cxd4 4. Nxd4 e5 5. Nb5 d6 6. c4 Nf6 7. N1c3 a6 8. Na3 Be7 9. Bd3 0-0 10. 0-0 Be6 11. Nc2 Rc8 12. b3 Nd7 13. Ne3 Nd4 14. Ne2 Nc6 15. Nc3 Nd4 16. Bb2 g6 17. Ne2 Nc6 18. Kh1 Bg5 19. Bb1 Bxe3 20. fxe3 Bg4 21. Qd2 Bxe2 22. Qxe2 Nc5 23. Bc2 Nb4 24. Bb1 Nc6 25. Bc3 a5 26. Qd2 Qc7 27. Bc2 b6 28. a3 Nb7 29. b4 Ne7 30. Bb3 a4 31. Bxa4 Qxc4 32. Rac1 Qxe4 33. Bb2 Nf5 34. Rxc8 Rxc8 35. Bb3 Nd8 36. Re1 h5 37. Bd5 Qc2 38. Qxc2 Rxc2 39. Bc1 Ne7 40. Bb3 Rc3 41. Ba4 Nd5 42. Kg1 Kf8 43. Kf2 Nf6 44. Rd1 Ke7 45. h3 Ne6 46. Bb2 Rc7 47. Bb3 Ne4+ 48. Ke1 f5 49. Rd5 f4 50. Bxe5 fxe3 51. Bb2 Nf4 52. Rd4 Nxg2+ 53. Kf1 Nd2+ 54. Kxg2 Nxb3 55. Re4+ Kd7 56. Bf6 Rc2+ 57. Kg1 e2 58. Kf2 Nc1 59. Re3 Kc6 60. Rc3+ Rxc3 61. Bxc3 Nd3+ 62. Kxe2 Nf4+ 63. Kf3 Nxh3 64. Bd2 g5 65. Kg3 g4 66. Be3 b5 67. Kh4 Kd5 68. Kxh5 Ke4 69. Kxg4 Kxe3 70. Kxh3 Kd4 71. Kg3 Kc4 72. Kf3 Kb3 0-1

[Event "Unterfranken-ch M1 62th"]
[Site "Gerolzhofen"]
[Date "2011.04.26"]
[Round "3"]
[White "Basel, Matthias"]
[Black "Yalcin, Alparslan"]
[Result "1/2-1/2"]
[WhiteElo "1987"]
[BlackElo "1929"]
[PlyCount "37"]
[EventDate "2011.04.25"]
[EventType "swiss"]
[EventRounds "9"]
[EventCountry "GER"]
[SourceTitle "EXT 2015"]
[Source "ChessBase"]
[SourceDate "2014.11.20"]
[SourceVersion "1"]
[SourceVersionDate "2014.11.20"]
[SourceQuality "1"]

1. d4 Nf6 2. Nf3 g6 3. c4 Bg7 4. Nc3 d6 5. e4 0-0 6. Be2 e5 7. d5 a5 8. Nd2 Na6 9. h4 h5 10. Nf1 Nc5 11. f3 Nh7 12. Be3 f5 13. Nd2 f4 14. Bf2 Kh8 15. Nb3 Nxb3 16. Qxb3 b6 17. Rc1 Rg8 18. Nb5 Bf8 19. Qc3 1/2-1/2

[Event "Regionalliga NW 1011"]
[Site "Bayern"]
[Date "2011.02.27"]
[Round "7.8"]
[White "Yalcin, Alparslan"]
[Black "Stumpf, Alexander"]
[Result "1-0"]
[WhiteElo "1862"]
[BlackElo "1840"]
[PlyCount "45"]
[EventDate "2010.10.10"]
[EventType "team-tourn"]
[EventRounds "9"]
[EventCountry "GER"]
[SourceTitle "EXT 2012"]
[Source "ChessBase"]
[SourceDate "2011.11.24"]
[SourceVersion "1"]
[SourceVersionDate "2011.11.24"]
[SourceQuality "1"]
[WhiteTeam "Kitzingen"]
[BlackTeam "Bad Neustadt"]
[WhiteTeamCountry "GER"]
[BlackTeamCountry "GER"]

1. e4 c6 2. d4 d5 3. e5 Bf5 4. Nf3 Nd7 5. Be2 e6 6. 0-0 c5 7. c4 Ne7 8. Be3 a6 9. dxc5 dxc4 10. Na3 Nc6 11. Nxc4 Nxc5 12. Qxd8+ Rxd8 13. Rfd1 Nd3 14. Bg5 Nd4 15. Bxd8 Nxe2+ 16. Kf1 Nef4 17. Bb6 Be7 18. Nd6+ Bxd6 19. exd6 Kd7 20. Bd4 Nb4 21. Bxg7 Rg8 22. Ne5+ Kd8 23. Bf6+ 1-0

[Event "Regionalliga NW 1011"]
[Site "Bayern"]
[Date "2010.10.24"]
[Round "2.8"]
[White "Yalcin, Alparslan"]
[Black "Theiss, Karsten"]
[Result "1-0"]
[WhiteElo "1862"]
[BlackElo "1698"]
[PlyCount "55"]
[EventDate "2010.10.10"]
[EventType "team-tourn"]
[EventRounds "9"]
[EventCountry "GER"]
[SourceTitle "EXT 2012"]
[Source "ChessBase"]
[SourceDate "2011.11.24"]
[SourceVersion "1"]
[SourceVersionDate "2011.11.24"]
[SourceQuality "1"]
[WhiteTeam "Kitzingen"]
[BlackTeam "Hoechstadt/Aisch"]
[WhiteTeamCountry "GER"]
[BlackTeamCountry "GER"]

1. e4 c5 2. c3 e5 3. Nf3 d6 4. Bc4 Be6 5. Bxe6 fxe6 6. Qb3 Qc8 7. Ng5 c4 8. Qb5+ Ke7 9. Na3 h6 10. Nf3 Nf6 11. d3 cxd3 12. Qxd3 Qc6 13. Be3 Qxe4 14. Qe2 Nbd7 15. 0-0 Kf7 16. Nd2 Qc6 17. c4 Be7 18. f4 exf4 19. Rxf4 e5 20. Rf2 Rhf8 21. Qh5+ Kg8 22. Qg6 Kh8 23. Raf1 Qc8 24. Bxh6 gxh6 25. Qxh6+ Nh7 26. Rf7 Rxf7 27. Rxf7 Ndf6 28. Qg7# 1-0

[Event "Unterfranken-ch M2 61th"]
[Site "Kitzingen"]
[Date "2010.04.10"]
[Round "9"]
[White "Yalcin, Alparslan"]
[Black "Volkamer, Klaus"]
[Result "1-0"]
[WhiteElo "1824"]
[BlackElo "1795"]
[PlyCount "43"]
[EventDate "2010.04.05"]
[EventType "swiss"]
[EventRounds "9"]
[EventCountry "GER"]
[SourceTitle "EXT 2015"]
[Source "ChessBase"]
[SourceDate "2014.11.20"]
[SourceVersion "1"]
[SourceVersionDate "2014.11.20"]
[SourceQuality "1"]

1. e4 c5 2. c3 Nf6 3. e5 Nd5 4. d4 d6 5. Nf3 Nc6 6. Bb5 Qb6 7. Na3 Bd7 8. 0-0 e6 9. exd6 cxd4 10. Nxd4 Nxd4 11. Bxd7+ Kxd7 12. cxd4 Bxd6 13. Nc4 Qc7 14. Nxd6 Qxd6 15. Bg5 Rac8 16. Qa4+ Qc6 17. Qxa7 Ra8 18. Qc5 Qxc5 19. dxc5 Ra5 20. b4 Nxb4 21. Bd2 Rb5 22. a4 1-0

[Event "Unterfranken-ch HA 59th"]
[Site "Rieneck"]
[Date "2008.03.27"]
[Round "6"]
[White "Drewes, Thomas"]
[Black "Yalcin, Alparslan"]
[Result "1-0"]
[WhiteElo "1702"]
[BlackElo "1426"]
[PlyCount "59"]
[EventDate "2008.03.24"]
[EventType "swiss"]
[EventRounds "9"]
[EventCountry "GER"]
[SourceTitle "EXT 2015"]
[Source "ChessBase"]
[SourceDate "2014.11.20"]
[SourceVersion "1"]
[SourceVersionDate "2014.11.20"]
[SourceQuality "1"]

1. c4 e5 2. g3 g6 3. d4 exd4 4. Qxd4 Nf6 5. Bg5 Be7 6. Nc3 Nc6 7. Qd2 d6 8. Nf3 Be6 9. b3 Qd7 10. Bg2 0-0-0 11. Nd4 Ng8 12. Nxc6 bxc6 13. Be3 a6 14. Na4 d5 15. Qa5 Kb7 16. Bc5 Ra8 17. 0-0 Kc8 18. Rfd1 Bxc5 19. Nxc5 Qd6 20. cxd5 cxd5 21. e4 Ne7 22. Nxe6 fxe6 23. exd5 exd5 24. Bxd5 Nxd5 25. Rxd5 Qf6 26. Rc1 Ra7 27. Rdc5 Qd6 28. Rc6 Qe7 29. Rxa6 Rxa6 30. Qxa6+ 1-0